| 000 | 01276cam a22002654a 4500 | ||
|---|---|---|---|
| 001 | gs 56000069 | ||
| 003 | DLC | ||
| 005 | 20260227111403.0 | ||
| 008 | 890929s1955 dk af b 000 0 dan c | ||
| 010 | _ags 56000069 | ||
| 035 | _a(OCoLC)20414158 | ||
| 040 |
_aU.S. Geol. Survey. Libr. _cCU _dCU _dDLC |
||
| 042 | _apremarc | ||
| 050 | 0 | 0 |
_aQE278 _b.D43a vol. 3, no. 10 |
| 051 |
_aS591 _b.T73 _cCopy 2. |
||
| 100 | 1 |
_aTroels-Smith, J. _q(Jørgen), _d1916- |
|
| 245 | 1 | 0 |
_aKarakterisering af løse jordarter = _bCharacterization of unconsolidated sediments / _cJ. Troels-Smith. |
| 246 | 1 | _aCharacterization of unconsolidated sediments | |
| 260 |
_aKøbenhavn : _bI kommission hos C.A. Reitzel, _c1955. |
||
| 300 |
_a73 p., 13 leaves of plates : _bdiagrs., tables ; _c24 cm. |
||
| 440 | 0 |
_aDanmarks geologiske undersøgelse (Series). _nIV. række ; _vbd. 3, nr. 10 |
|
| 501 |
_aQE278.D43a vol. 3, no. 10 with: Nicolaus Steno (Niels Stensen) and Erasmus Bartholinus : two 17th century Danish scientists and the foundation of exact geology and crystallography / by Axel Garboe. København : I kommission hos C.A. Reitzel, 1954. Bound together subsequent to publication. _5DLC |
||
| 504 | _a"Citeret og anvendt litteratur": p. [72]-73. | ||
| 650 | 0 | _aSedimentation and deposition. | |
| 999 |
_c29029 _d29029 |
||